000 00702nam a2200289Ia 4500
005 20260324141557.0
008 008 260324s9999 xx 000 0 eng d
020 _a9781315805337
037 _aEBOOK
040 _aCRL
040 _beng
040 _cCRL
041 _2eng
041 _aeng
084 _qCRL
100 _a Urban Center Staff; Laura A. Reese
_91208708
245 0 _aLocal Economic Development Policy
245 4 _bThe United States and Canada
260 _bTaylor and Francis
260 _c1997
365 _a
365 _b150
856 _uhttp://www.taylorfrancis.com/books/9781315805337
942 _cEBOOK
999 _c1811957
_d1811957